00430nam a22001457a 4500001000700000003000900007005001700016007000700033008004800040020001700088040002200105245006900127260005800196300003000254240038DO-SdBNP20160329151355.0240038160329b 1997 xxu xxu||||| |||| 00| 0 spa d a 0030968305  aBPMSUbspacBPMSU00aElements of literature program cprogram authors, Robert Probst  aAustin, Texas : bHolt, Rinehart and Winston, c1997. av.bil., retrs. c26 cm.